Encyclopaedia of sexual knowledge / (Record no. 187997)
[ view plain ]
| 000 -LEADER | |
|---|---|
| fixed length control field | 00650cam6a220021700 4500 |
| 001 - CONTROL NUMBER | |
| control field | tmp15813937 |
| 003 - CONTROL NUMBER IDENTIFIER | |
| control field | UPRA |
| 005 - DATE AND TIME OF LATEST TRANSACTION | |
| control field | 20190830110154.0 |
| 008 - FIXED-LENGTH DATA ELEMENTS--GENERAL INFORMATION | |
| fixed length control field | 951103s1952 enk eng u |
| 035 ## - SYSTEM CONTROL NUMBER | |
| System control number | (Sirsi) r46071 |
| 035 ## - SYSTEM CONTROL NUMBER | |
| System control number | (UPRA)tmp15813937 |
| 040 ## - CATALOGING SOURCE | |
| Transcribing agency | UPRA |
| 100 1# - MAIN ENTRY--PERSONAL NAME | |
| Personal name | Haire, Norman. |
| Linkage | A3942.1 |
| 245 10 - TITLE STATEMENT | |
| Title | Encyclopaedia of sexual knowledge / |
| Statement of responsibility, etc. | by Norman Haire, A. Coster, A. Willy, and others ; ed. by Norman Haire. |
| 250 ## - EDITION STATEMENT | |
| Edition statement | [2nd ed.]. |
| 260 ## - PUBLICATION, DISTRIBUTION, ETC. | |
| Place of publication, distribution, etc. | London : |
| Name of publisher, distributor, etc. | Encyclopaedic Press, |
| Date of publication, distribution, etc. | [1952] |
| 504 ## - BIBLIOGRAPHY, ETC. NOTE | |
| Bibliography, etc. note | Bibliography: p. [533]-537. |
| 949 ## - LOCAL PROCESSING INFORMATION (OCLC) | |
| a | HQ21 |
| w | lcc |
| m | MAIN |
| t | BOOK |
| l | ON-SHELF |
| 987 ## - LOCAL ROMANIZATION/CONVERSION HISTORY (OCLC) | |
| Romanization/conversion identifier | WITHDRAWN. |
No items available.